Statystyki dla Zespoły, które rozegrały najmniej sezonów w Premier League 1992-2023

Kliknij tutaj aby rozwiązać quiz!

Ogólne statystyki

  • Ten quiz został rozwiązany 22 razy
  • Średni wynik to 5 z 13

Statystyki odpowiedzi

Ilość sezonówZespół% Poprawnych
1Luton Town
78%
2Cardiff City
67%
3Brentford
61%
2Huddersfield Town
56%
6Sheffield United
44%
5Hull City
39%
1Blackpool
33%
5Ipswich Town
28%
3Reading
28%
1Barnsley
22%
2Bradford City
17%
1Swindon Town
17%
2Oldham Athletic
6%

Rozkład punktacji

Percentyl według liczby udzielonych odpowiedzi

Procent ludzi z każdym wynikiem

Twoja historia wyników

Nie rozwiązałeś tego quizu